[Event "Capablanca Memorial U15 2nd"]
[Site "Havana"]
[Date "2018.05.15"]
[Round "3"]
[White "Martinez Ruz, Carlos Julio"]
[Black "Hernandez Izquierdo, Jose A"]
[Result "1-0"]
[WhiteElo "2013"]
[BlackElo "1814"]
[PlyCount "111"]
[EventDate "2018.05.14"]
[EventType "swiss"]
[EventRounds "7"]
[EventCountry "CUB"]
[SourceTitle "EXT 2021"]
[Source "ChessBase"]
[SourceDate "2020.10.23"]
[SourceVersion "1"]
[SourceVersionDate "2020.10.23"]
[SourceQuality "1"]

1. e4 c5 2. Nf3 e6 3. d4 cxd4 4. Nxd4 a6 5. c4 Nf6 6. Nc3 Qc7 7. Be3 Be7 8. f3 d6 9. Be2 Nbd7 10. 0-0 b6 11. Qd2 Bb7 12. Rfc1 0-0 13. b4 Rac8 14. Rab1 Rfe8 15. Na4 Bf8 16. Bf2 Bc6 17. b5 Bb7 18. bxa6 Bxa6 19. c5 Bxe2 20. cxb6 Qb7 21. Nxe2 Nc5 22. Nxc5 dxc5 23. a4 Red8 24. Qg5 h6 25. Qe5 Nd7 26. Qc3 Qa6 27. Qc4 Qxc4 28. Rxc4 Nxb6 29. Rxb6 Rd1+ 30. Be1 Rxe1+ 31. Kf2 Ra1 32. Ra6 Ra2 33. Ke3 Rb8 34. Rc3 Rbb2 35. Nc1 Ra1 36. Nd3 Rxg2 37. Ra8 Rga2 38. Nxc5 Re1+ 39. Kd4 g6 40. Ke5 Rd2 41. Nd3 Kg7 42. Rxf8 Rxd3 43. Rxd3 Kxf8 44. Kf6 Ke8 45. Ra3 Rb1 46. a5 Rb7 47. a6 Ra7 48. h4 h5 49. f4 Kd8 50. Ra4 Ke8 51. Ra3 Kd8 52. Rd3+ Ke8 53. Rd6 Ra8 54. Rb6 Ra7 55. Rb8+ Kd7 56. Rb7+ 1-0

[Event "Maria Teresa Mora Memorial op"]
[Site "Havana"]
[Date "2018.03.08"]
[Round "2"]
[White "Martinez Ruz, Carlos Julio"]
[Black "Morales Garcia, Alexei"]
[Result "0-1"]
[WhiteElo "1990"]
[BlackElo "2113"]
[PlyCount "104"]
[EventDate "2018.03.08"]
[EventType "swiss"]
[EventRounds "9"]
[EventCountry "CUB"]
[SourceTitle "EXT 2021"]
[Source "ChessBase"]
[SourceDate "2020.10.23"]
[SourceVersion "1"]
[SourceVersionDate "2020.10.23"]
[SourceQuality "1"]

1. e4 c5 2. Nf3 e6 3. d4 cxd4 4. Nxd4 a6 5. c4 Qc7 6. Nc3 Nf6 7. a3 d6 8. Be3 Nbd7 9. f3 h5 10. Qd2 b6 11. Be2 Bb7 12. 0-0 Rc8 13. Rfc1 Qb8 14. Rab1 Be7 15. b4 0-0 16. Qe1 Rfe8 17. Qf2 Qa8 18. Nb3 d5 19. exd5 exd5 20. cxd5 Nxd5 21. Nxd5 Bxd5 22. Nd4 Bf8 23. Bd3 Ne5 24. Bf1 b5 25. Qd2 Rcd8 26. Bf2 Be7 27. Qf4 Bf6 28. Nb3 Qb8 29. Qf5 Be6 30. Qc2 Bc4 31. Rd1 Bxf1 32. Rxd8 Rxd8 33. Rxf1 Nc4 34. a4 h4 35. a5 Qf4 36. Rd1 Re8 37. Qd3 Nb2 38. Qd2 Qc4 39. Nc5 Nxd1 40. Qxd1 Qxb4 41. Nxa6 Qxa5 42. Nc5 Bd4 43. Ne4 Bxf2+ 44. Kxf2 b4 45. Qb3 Rd8 46. g4 Qa3 47. Qc4 Qb2+ 48. Ke3 Qa3+ 49. Kf4 b3 50. Qc7 Qa8 51. Qe5 Qb8 52. Qxb8 Rxb8 0-1